| 000 | 00639nam a2200241Ia 4500 | ||
|---|---|---|---|
| 003 | OSt | ||
| 005 | 20220918192448.0 | ||
| 006 | a|||||r|||| 00| 0 | ||
| 007 | ta | ||
| 008 | 220917b |||||||| |||| 00| 0 eng d | ||
| 024 | _a68,480 | ||
| 037 | _cTextual | ||
| 040 |
_aARTS _cARTS _beng |
||
| 041 |
_2eng _aeng |
||
| 082 | _aR3xN19x, M1.3;1 | ||
| 100 | _aAnscombe G E M | ||
| 245 | 0 | _aCollected philosophical papers of G E M Anscombe | |
| 260 |
_aOxford _bBasil Blackwell _c1981 |
||
| 300 |
_aix,161p _ccm. |
||
| 490 | _vV3 | ||
| 942 |
_hR3xN19x, M1.3;1 _cTEXL _2CC |
||
| 999 |
_c194651 _d194651 |
||